Leisure and recreation ; a study of leisure and recreation in their sociological aspects /

Bibliographic Details
Main Author: Neumeyer, Martin H. (Martin Henry), 1892-
Other Authors: Neumeyer, Esther Sternberg
Format: Book
Language:English
Published: New York : A.S. Barnes and Company, Incorporated, 1936.
Subjects:

MARC

Tag First Indicator Second Indicator Subfields
LEADER 00000cam a2200000 4500
001 in00000019706
005 20151007053711.0
008 720605s1936 nyu b 00010 eng
010 |a  36010073  
035 |a (OCoLC)00324668 
035 |9 AAB2530AM 
040 |a DLC  |c AKR  |d SER  |d TXA  |d UtOrBLW 
049 |a TXAM  |c [102654] 
050 0 0 |a GV14  |b .N4 
082 0 |a 790 
100 1 |a Neumeyer, Martin H.  |q (Martin Henry),  |d 1892- 
245 1 0 |a Leisure and recreation ;  |b a study of leisure and recreation in their sociological aspects /  |c by Martin H. Neumeyer ... and Esther S. Neumeyer. 
264 1 |a New York :  |b A.S. Barnes and Company, Incorporated,  |c 1936. 
300 |a x, 405 pages ;  |c 24 cm. 
336 |a text  |b txt  |2 rdacontent 
337 |a unmediated  |b n  |2 rdamedia 
338 |a volume  |b nc  |2 rdacarrier 
504 |a "Selected references" at end of each chapter except chapters IX and XX. 
650 0 |a Leisure. 
650 0 |a Amusements. 
650 0 |a Play. 
700 1 |a Neumeyer, Esther Sternberg. 
740 0 |a Recreation. 
999 |a MARS 
999 f f |s 1c819233-b7f5-3fed-a873-85424a5f7693  |i 5cdd9ba8-d99a-3a13-a250-4c9fd58c885f  |t 0 
952 f f |p ric  |a Texas A&M University  |b Rellis Campus  |c Joint Library Facility  |d Remote Storage  |t 0  |e GV14 .N4  |h Library of Congress classification  |i unmediated -- volume  |m A14807367989 
998 f f |a GV14 .N4  |t 0  |l Remote Storage